| 000 | 01079nam a2200289 a 4500 | ||
|---|---|---|---|
| 999 |
_c8487 _d8487 |
||
| 001 | 8487 | ||
| 003 | BD-JhCC | ||
| 005 | 20180225174549.0 | ||
| 008 | 910513s1984 bg ab b 001 0 eng d | ||
| 035 | _a(BD-JhCC)8487 | ||
| 040 |
_aBD-JhCC _dBD-JhCC |
||
| 041 | _aeng | ||
| 050 | 0 | _a[LAW] | |
| 082 | _bABB 1984 | ||
| 100 | 1 |
_aAbbas, B. M. _c. |
|
| 245 | 1 | 4 |
_aThe Ganges water dispute : _binternational legal aspects / _cB. M. Abbas A. T. |
| 260 |
_aDhaka : _bUniversity Press, _c1987 |
||
| 300 |
_axiii, 164 p. : _bill., maps ; _c20 cm |
||
| 500 | _aRevision of the author's thesis (LL. M.--Monash University, Australia) under the title: The Indo-Bangladesh river dispute : a study of the principles of international law governing riparians' rights to use and control the water of the Ganges | ||
| 504 | _aBibliography: p. [206]-217 | ||
| 504 | _aIncludes index | ||
| 651 | 0 |
_aBangladesh _xForeign relations _zIndia |
|
| 651 | 0 |
_aGanges River (India and Bangladesh) _xWater rights |
|
| 651 | 0 |
_aIndia _xForeign relations _zBangladesh |
|
| 942 |
_2ddc _cBK |
||